[Event "T-Director's Swiss sytem"]
[Site "playchess.com #662980"]
[Date "2014.03.16"]
[Round "3"]
[White "Dusica"]
[Black "Lerroi"]
[Result "1-0"]
[WhiteElo "1698"]
[BlackElo "1306"]
[PlyCount "155"]
[EventDate "2014.03.16"]
[EventType "swiss (blitz)"]

1. d4 {[%emt 0:00:13]} e6 {[%emt 0:00:01]} 2. Nc3 {[%emt 0:00:03]} d5 {[%emt 0:
00:01]} 3. e4 {[%emt 0:00:01]} c6 {[%emt 0:00:04]} 4. Nf3 {[%emt 0:00:02]} Nf6
{[%emt 0:00:01]} 5. e5 {[%emt 0:00:02]} Nfd7 {[%emt 0:00:01]} 6. Bd3 {[%emt 0:
00:02]} c5 {[%emt 0:00:01]} 7. dxc5 {[%emt 0:00:02]} Bxc5 {[%emt 0:00:03]} 8.
Ng5 {[%emt 0:00:06]} h6 {[%emt 0:00:03]} 9. Nxf7 {[%emt 0:00:03]} Kxf7 {[%emt
0:00:03]} 10. Qh5+ {[%emt 0:00:01]} Ke7 {[%emt 0:00:06]} 11. Qh4+ {[%emt 0:00:
09]} Kf7 {[%emt 0:00:16]} 12. Qf4+ {[%emt 0:00:05]} Ke7 {[%emt 0:00:11]} 13.
Bd2 {[%emt 0:00:03]} g5 {[%emt 0:00:05]} 14. Qg3 {[%emt 0:00:08]} Rg8 {[%emt 0:
00:25]} 15. O-O-O {[%emt 0:00:03]} Qf8 {[%emt 0:00:04]} 16. f3 {[%emt 0:00:06]}
a6 {[%emt 0:00:03]} 17. h4 {[%emt 0:00:04]} Kd8 {[%emt 0:00:21]} 18. hxg5 {
[%emt 0:00:04]} hxg5 {[%emt 0:00:02]} 19. Bxg5+ {[%emt 0:00:03]} Kc7 {[%emt 0:
00:01]} 20. f4 {[%emt 0:00:01]} Nc6 {[%emt 0:00:03]} 21. Rh7 {[%emt 0:00:03]}
Rg7 {[%emt 0:00:10]} 22. Rdh1 {[%emt 0:00:03]} Rxh7 {[%emt 0:00:09]} 23. Rxh7 {
[%emt 0:00:02]} Bd4 {[%emt 0:00:05]} 24. Ne2 {[%emt 0:00:03]} Qc5 {[%emt 0:00:
14]} 25. Kd2 {[%emt 0:00:11]} Bxb2 {[%emt 0:00:05]} 26. f5 {[%emt 0:00:09]}
exf5 {[%emt 0:00:05]} 27. e6+ {[%emt 0:00:05]} Nce5 {[%emt 0:00:12]} 28. exd7 {
[%emt 0:00:04]} Bxd7 {[%emt 0:00:06]} 29. Bxf5 {[%emt 0:00:04]} Rd8 {[%emt 0:
00:15]} 30. Bxd7 {[%emt 0:00:03]} Rxd7 {[%emt 0:00:03]} 31. Rxd7+ {[%emt 0:00:
04]} Kxd7 {[%emt 0:00:07]} 32. Bf4 {[%emt 0:00:01]} Nc4+ {[%emt 0:00:04]} 33.
Ke1 {[%emt 0:00:03]} Qe7 {[%emt 0:00:11]} 34. Qg4+ {[%emt 0:00:04]} Kc6 {[%emt
0:00:05]} 35. Kf2 {[%emt 0:00:07]} Ne5 {[%emt 0:00:15]} 36. Qf5 {[%emt 0:00:07]
} Qf7 {[%emt 0:00:22]} 37. Qxf7 {[%emt 0:00:06]} Nxf7 {[%emt 0:00:01]} 38. g4 {
[%emt 0:00:01]} Kd7 {[%emt 0:00:06]} 39. Kg3 {[%emt 0:00:06]} Ke6 {[%emt 0:00:
05]} 40. Kh4 {[%emt 0:00:01]} Kf6 {[%emt 0:00:04]} 41. Kh5 {[%emt 0:00:02]} Kg7
{[%emt 0:00:04]} 42. c3 {[%emt 0:00:02]} Ba3 {[%emt 0:00:07]} 43. g5 {[%emt 0:
00:02]} Be7 {[%emt 0:00:13]} 44. g6 {[%emt 0:00:02]} Nh8 {[%emt 0:00:04]} 45.
Be5+ {[%emt 0:00:04]} Bf6 {[%emt 0:00:01]} 46. Bxf6+ {[%emt 0:00:06]} Kxf6 {
[%emt 0:00:01]} 47. Nf4 {[%emt 0:00:03]} b5 {[%emt 0:00:23]} 48. Nxd5+ {[%emt
0:00:03]} Kg7 {[%emt 0:00:04]} 49. Nc7 {[%emt 0:00:05]} Nxg6 {[%emt 0:00:02]}
50. Nxa6 {[%emt 0:00:02]} Ne5 {[%emt 0:00:01]} 51. Nc7 {[%emt 0:00:03]} Kf7 {
[%emt 0:00:05]} 52. Nxb5 {[%emt 0:00:02]} Ke7 {[%emt 0:00:02]} 53. Kg5 {[%emt
0:00:02]} Kd7 {[%emt 0:00:02]} 54. Kf5 {[%emt 0:00:01]} Nc4 {[%emt 0:00:01]}
55. Ke4 {[%emt 0:00:04]} Kc6 {[%emt 0:00:01]} 56. Nd4+ {[%emt 0:00:03]} Kb6 {
[%emt 0:00:06]} 57. Kd3 {[%emt 0:00:02]} Nb2+ {[%emt 0:00:09]} 58. Kc2 {[%emt
0:00:02]} Nc4 {[%emt 0:00:02]} 59. Kb3 {[%emt 0:00:01]} Nd2+ {[%emt 0:00:09]}
60. Kb4 {[%emt 0:00:01]} Ne4 {[%emt 0:00:07]} 61. c4 {[%emt 0:00:01]} Nc5 {
[%emt 0:00:04]} 62. Nb3 {[%emt 0:00:01]} Na6+ {[%emt 0:00:02]} 63. Kc3 {[%emt
0:00:02]} Kc6 {[%emt 0:00:07]} 64. Kd4 {[%emt 0:00:02]} Nb4 {[%emt 0:00:02]}
65. a4 {[%emt 0:00:02]} Nc2+ {[%emt 0:00:05]} 66. Kc3 {[%emt 0:00:02]} Ne3 {
[%emt 0:00:05]} 67. a5 {[%emt 0:00:03]} Nf5 {[%emt 0:00:03]} 68. Kb4 {[%emt 0:
00:03]} Nd6 {[%emt 0:00:02]} 69. Nd4+ {[%emt 0:00:02]} Kb7 {[%emt 0:00:04]} 70.
c5 {[%emt 0:00:01]} Nc8 {[%emt 0:00:09]} 71. Kb5 {[%emt 0:00:01]} Na7+ {[%emt
0:00:03]} 72. Kc4 {[%emt 0:00:01]} Ka6 {[%emt 0:00:03]} 73. Kb4 {[%emt 0:00:02]
} Kb7 {[%emt 0:00:05]} 74. Nb5 {[%emt 0:00:05]} Nc6+ {[%emt 0:00:03]} 75. Ka4 {
[%emt 0:00:01]} Ka6 {[%emt 0:00:05]} 76. Nc7+ {[%emt 0:00:06]} Kb7 {[%emt 0:00:
02]} 77. Nd5 {[%emt 0:00:04]} Ka6 {[%emt 0:00:08]} 78. Nb4+ {[%emt 0:00:01]
Temps} 1-0

[Event "T-Director's Swiss sytem"]
[Site "playchess.com #662980"]
[Date "2014.03.16"]
[Round "4"]
[White "Dusica"]
[Black "Mehdi1783"]
[Result "1-0"]
[WhiteElo "1701"]
[BlackElo "1503"]
[PlyCount "51"]
[EventDate "2014.03.16"]
[EventType "swiss (blitz)"]

1. d4 {[%emt 0:00:13]} Nf6 {[%emt 0:00:04]} 2. Nc3 {[%emt 0:00:02]} d5 {[%emt
0:00:02]} 3. Bg5 {[%emt 0:00:01]} e6 {[%emt 0:00:02]} 4. e4 {[%emt 0:00:02]}
Bb4 {[%emt 0:00:05]} 5. e5 {[%emt 0:00:02]} h6 {[%emt 0:00:01]} 6. Bd2 {[%emt
0:00:02]} Bxc3 {[%emt 0:00:14]} 7. Bxc3 {[%emt 0:00:11]} Ne4 {[%emt 0:00:04]}
8. Qg4 {[%emt 0:00:03]} O-O {[%emt 0:00:13]} 9. Bd3 {[%emt 0:00:13]} Nxc3 {
[%emt 0:00:03]} 10. bxc3 {[%emt 0:00:02]} Qg5 {[%emt 0:00:03]} 11. Qf3 {[%emt
0:00:04]} c5 {[%emt 0:00:09]} 12. h4 {[%emt 0:00:03]} Qe7 {[%emt 0:00:10]} 13.
Rh3 {[%emt 0:00:06]} Nc6 {[%emt 0:00:03]} 14. dxc5 {[%emt 0:00:02]} Qxc5 {
[%emt 0:00:06]} 15. Ne2 {[%emt 0:00:03]} d4 {[%emt 0:00:15]} 16. cxd4 {[%emt 0:
00:04]} Nxd4 {[%emt 0:00:04]} 17. Qe4 {[%emt 0:00:05]} Nf5 {[%emt 0:00:11]} 18.
g4 {[%emt 0:00:05]} Qa5+ {[%emt 0:00:16]} 19. Kf1 {[%emt 0:00:04]} Bd7 {[%emt
0:00:15]} 20. gxf5 {[%emt 0:00:02]} Bc6 {[%emt 0:00:03]} 21. Qf4 {[%emt 0:00:
01]} Qa3 {[%emt 0:00:26]} 22. f6 {[%emt 0:00:04]} Qb2 {[%emt 0:00:08]} 23. Rd1
{[%emt 0:00:04]} Qxa2 {[%emt 0:00:10]} 24. Rg3 {[%emt 0:00:02]} Qd5 {[%emt 0:
00:14]} 25. Rxg7+ {[%emt 0:00:07]} Kh8 {[%emt 0:00:03]} 26. Qxh6# {[%emt 0:00:
01]} 1-0

[Event "T-Director's Swiss sytem"]
[Site "playchess.com #662980"]
[Date "2014.03.16"]
[Round "2"]
[White "Ecelal"]
[Black "Nbm02"]
[Result "0-1"]
[WhiteElo "1402"]
[BlackElo "1654"]
[PlyCount "60"]
[EventDate "2014.03.16"]
[EventType "swiss (blitz)"]

1. d4 {[%emt 0:00:03]} Nf6 {[%emt 0:00:02]} 2. c4 {[%emt 0:00:02]} g6 {[%emt 0:
00:02]} 3. Nc3 {[%emt 0:00:05]} Bg7 {[%emt 0:00:01]} 4. e4 {[%emt 0:00:06]} d6
{[%emt 0:00:02]} 5. Bd3 {[%emt 0:00:03]} O-O {[%emt 0:00:03]} 6. Nge2 {[%emt 0:
00:03]} Bg4 {[%emt 0:00:04]} 7. f3 {[%emt 0:00:03]} Bd7 {[%emt 0:00:03]} 8. O-O
{[%emt 0:00:02]} Nc6 {[%emt 0:00:03]} 9. Be3 {[%emt 0:00:07]} e5 {[%emt 0:00:
03]} 10. d5 {[%emt 0:00:05]} Ne7 {[%emt 0:00:02]} 11. Rc1 {[%emt 0:00:04]} Nh5
{[%emt 0:00:07]} 12. Qd2 {[%emt 0:00:15]} f5 {[%emt 0:00:13]} 13. exf5 {[%emt
0:00:02]} Nxf5 {[%emt 0:00:16]} 14. Bf2 {[%emt 0:00:14]} Bh6 {[%emt 0:00:10]}
15. f4 {[%emt 0:00:18]} Nf6 {[%emt 0:00:14]} 16. g3 {[%emt 0:00:19]} Qe7 {
[%emt 0:00:19]} 17. Rce1 {[%emt 0:00:02]} a6 {[%emt 0:00:11]} 18. Qc2 {[%emt 0:
00:09]} Rae8 {[%emt 0:00:21]} 19. Nd4 {[%emt 0:00:06]} Nxd4 {[%emt 0:00:09]}
20. Bxd4 {[%emt 0:00:09]} Bh3 {[%emt 0:00:21]} 21. Rf2 {[%emt 0:00:16]} Ng4 {
[%emt 0:00:08]} 22. Rfe2 {[%emt 0:00:09]} Qg7 {[%emt 0:00:19]} 23. fxe5 {[%emt
0:00:06]} dxe5 {[%emt 0:00:07]} 24. Bc5 {[%emt 0:00:40]} Rf7 {[%emt 0:00:39]}
25. Ne4 {[%emt 0:00:04]} b6 {[%emt 0:00:07]} 26. Bf2 {[%emt 0:00:08]} Nxf2 {
[%emt 0:00:06]} 27. Nxf2 {[%emt 0:00:03]} Rxf2 {[%emt 0:00:05]} 28. Kxf2 {
[%emt 0:00:04]} Rf8+ {[%emt 0:00:07]} 29. Kg1 {[%emt 0:00:04]} Qf6 {[%emt 0:00:
02]} 30. Be4 {[%emt 0:00:18]} Qf1+ {[%emt 0:00:06] Ecelal resigns} 0-1

[Event "T-Director's Swiss sytem"]
[Site "playchess.com #662980"]
[Date "2014.03.16"]
[Round "5"]
[White "El Viento"]
[Black "Henrid"]
[Result "0-1"]
[WhiteElo "1065"]
[BlackElo "1480"]
[PlyCount "52"]
[EventDate "2014.03.16"]
[EventType "swiss (blitz)"]

1. e4 {[%emt 0:00:05]} c5 {[%emt 0:00:04]} 2. Nf3 {[%emt 0:00:03]} d6 {[%emt 0:
00:06]} 3. Bc4 {[%emt 0:00:03]} g6 {[%emt 0:00:07]} 4. O-O {[%emt 0:00:03]} Bg7
{[%emt 0:00:02]} 5. Ng5 {[%emt 0:00:06]} e6 {[%emt 0:00:04]} 6. c3 {[%emt 0:00:
09]} Qxg5 {[%emt 0:00:02]} 7. d4 {[%emt 0:00:04]} Qe7 {[%emt 0:00:11]} 8. d5 {
[%emt 0:00:07]} e5 {[%emt 0:00:17]} 9. Be3 {[%emt 0:00:06]} Nf6 {[%emt 0:00:06]
} 10. Nd2 {[%emt 0:00:09]} O-O {[%emt 0:00:14]} 11. Bg5 {[%emt 0:00:04]} a6 {
[%emt 0:00:13]} 12. Qf3 {[%emt 0:00:06]} b5 {[%emt 0:00:04]} 13. Bd3 {[%emt 0:
00:11]} c4 {[%emt 0:00:06]} 14. Bc2 {[%emt 0:00:03]} Nbd7 {[%emt 0:00:11]} 15.
b3 {[%emt 0:00:07]} Nb6 {[%emt 0:00:09]} 16. Rfe1 {[%emt 0:00:08]} h6 {[%emt 0:
00:06]} 17. Bh4 {[%emt 0:00:04]} g5 {[%emt 0:00:03]} 18. Bg3 {[%emt 0:00:04]}
Bg4 {[%emt 0:00:03]} 19. Qe3 {[%emt 0:00:17]} Nbd7 {[%emt 0:00:15]} 20. Rab1 {
[%emt 0:00:06]} cxb3 {[%emt 0:00:13]} 21. Bxb3 {[%emt 0:00:05]} Rfc8 {[%emt 0:
00:06]} 22. c4 {[%emt 0:00:07]} b4 {[%emt 0:00:18]} 23. Rbc1 {[%emt 0:00:06]}
Nc5 {[%emt 0:00:04]} 24. f4 {[%emt 0:00:18]} exf4 {[%emt 0:00:18]} 25. Bxf4 {
[%emt 0:00:06]} gxf4 {[%emt 0:00:04]} 26. Qxf4 {[%emt 0:00:04]} Nd3 {[%emt 0:
00:01] El Viento abandonne} 0-1

[Event "T-Director's Swiss sytem"]
[Site "playchess.com #662980"]
[Date "2014.03.16"]
[Round "2"]
[White "El Viento"]
[Black "LovePoetry"]
[Result "0-1"]
[WhiteElo "1070"]
[BlackElo "1686"]
[PlyCount "50"]
[EventDate "2014.03.16"]
[EventType "swiss (blitz)"]

1. e4 {[%emt 0:00:05]} c5 {[%emt 0:00:02]} 2. Nf3 {[%emt 0:00:01]} d6 {[%emt 0:
00:02]} 3. Bc4 {[%emt 0:00:02]} Nf6 {[%emt 0:00:05]} 4. Nc3 {[%emt 0:00:04]} e6
{[%emt 0:00:01]} 5. O-O {[%emt 0:00:03]} a6 {[%emt 0:00:06]} 6. Re1 {[%emt 0:
00:02]} b5 {[%emt 0:00:07]} 7. Be2 {[%emt 0:00:12]} Bb7 {[%emt 0:00:16]} 8. d3
{[%emt 0:00:05]} Nc6 {[%emt 0:00:10]} 9. Bg5 {[%emt 0:00:08]} Be7 {[%emt 0:00:
02]} 10. a3 {[%emt 0:00:11]} Nd4 {[%emt 0:00:09]} 11. Nxd4 {[%emt 0:00:07]}
cxd4 {[%emt 0:00:02]} 12. Nb1 {[%emt 0:00:16]} Rc8 {[%emt 0:00:07]} 13. c3 {
[%emt 0:00:05]} dxc3 {[%emt 0:00:24]} 14. Nxc3 {[%emt 0:00:09]} h6 {[%emt 0:00:
01]} 15. Bh4 {[%emt 0:00:24]} O-O {[%emt 0:00:04]} 16. Rc1 {[%emt 0:00:04]} Qb6
{[%emt 0:00:05]} 17. b4 {[%emt 0:00:24]} Rc7 {[%emt 0:00:16]} 18. Bh5 {[%emt 0:
00:25]} Rfc8 {[%emt 0:00:08]} 19. Ne2 {[%emt 0:00:40]} Nxh5 {[%emt 0:00:03]}
20. Bxe7 {[%emt 0:00:09]} Rxe7 {[%emt 0:00:02]} 21. Rxc8+ {[%emt 0:00:05]} Bxc8
{[%emt 0:00:02]} 22. Qc2 {[%emt 0:00:33]} Rc7 {[%emt 0:00:03]} 23. Qb2 {[%emt
0:00:16]} Bb7 {[%emt 0:00:17]} 24. Nd4 {[%emt 0:00:08]} Nf4 {[%emt 0:00:09]}
25. Qb3 {[%emt 0:00:28]} Qxd4 {[%emt 0:00:04] El Viento abandonne} 0-1

[Event "T-Director's Swiss sytem"]
[Site "playchess.com #662980"]
[Date "2014.03.16"]
[Round "8"]
[White "El Viento"]
[Black "hmamouche"]
[Result "0-1"]
[WhiteElo "1091"]
[BlackElo "1617"]
[PlyCount "74"]
[EventDate "2014.03.16"]
[EventType "swiss (blitz)"]

1. e4 {[%emt 0:00:04]} c5 {[%emt 0:00:01]} 2. Nf3 {[%emt 0:00:02]} d6 {[%emt 0:
00:08]} 3. Bc4 {[%emt 0:00:03]} Nc6 {[%emt 0:00:04]} 4. O-O {[%emt 0:00:07]}
Nf6 {[%emt 0:00:02]} 5. Nc3 {[%emt 0:00:03]} e6 {[%emt 0:00:01]} 6. Re1 {[%emt
0:00:07]} Be7 {[%emt 0:00:01]} 7. d3 {[%emt 0:00:09]} O-O {[%emt 0:00:02]} 8.
Bg5 {[%emt 0:00:03]} e5 {[%emt 0:00:08]} 9. a3 {[%emt 0:00:12]} h6 {[%emt 0:00:
11]} 10. Bh4 {[%emt 0:00:04]} Bg4 {[%emt 0:00:03]} 11. h3 {[%emt 0:00:10]} Bh5
{[%emt 0:00:01]} 12. Rb1 {[%emt 0:00:15]} Nd4 {[%emt 0:00:03]} 13. Bxf6 {[%emt
0:01:07]} Bxf6 {[%emt 0:00:03]} 14. g4 {[%emt 0:00:11]} Bg6 {[%emt 0:00:04]}
15. Nxd4 {[%emt 0:00:03]} exd4 {[%emt 0:00:02]} 16. Nd5 {[%emt 0:00:03]} Bh4 {
[%emt 0:00:03]} 17. Qf3 {[%emt 0:00:07]} a6 {[%emt 0:00:05]} 18. Nf4 {[%emt 0:
00:08]} Bh7 {[%emt 0:00:04]} 19. b4 {[%emt 0:00:19]} Rc8 {[%emt 0:00:03]} 20.
b5 {[%emt 0:00:05]} axb5 {[%emt 0:00:02]} 21. Bxb5 {[%emt 0:00:03]} Kh8 {[%emt
0:00:09]} 22. a4 {[%emt 0:00:02]} Qf6 {[%emt 0:00:15]} 23. Bd7 {[%emt 0:00:20]}
Rcd8 {[%emt 0:00:03]} 24. Bf5 {[%emt 0:00:09]} g6 {[%emt 0:00:07]} 25. Nd5 {
[%emt 0:00:04]} Qe5 {[%emt 0:00:16]} 26. Rxb7 {[%emt 0:00:15]} gxf5 {[%emt 0:
00:04]} 27. gxf5 {[%emt 0:00:05]} Rg8+ {[%emt 0:00:06]} 28. Kf1 {[%emt 0:00:02]
} Rg7 {[%emt 0:00:20]} 29. Qh5 {[%emt 0:00:06]} Bf6 {[%emt 0:00:20]} 30. Qxh6 {
[%emt 0:00:08]} Bg5 {[%emt 0:00:12]} 31. Qh5 {[%emt 0:00:10]} f6 {[%emt 0:00:
25]} 32. Rxg7 {[%emt 0:00:33]} Kxg7 {[%emt 0:00:04]} 33. a5 {[%emt 0:00:04]}
Ra8 {[%emt 0:00:08]} 34. Ra1 {[%emt 0:00:05]} Qh2 {[%emt 0:00:25]} 35. Ke2 {
[%emt 0:00:05]} Be3 {[%emt 0:00:24]} 36. Ne7 {[%emt 0:00:03]} Qxf2+ {[%emt 0:
00:02]} 37. Kd1 {[%emt 0:00:03]} Qd2# {[%emt 0:00:01]} 0-1

[Event "T-Director's Swiss sytem"]
[Site "playchess.com #662980"]
[Date "2014.03.16"]
[Round "6"]
[White "Ericozi"]
[Black "Kenis"]
[Result "0-1"]
[WhiteElo "1307"]
[BlackElo "1475"]
[PlyCount "50"]
[EventDate "2014.03.16"]
[EventType "swiss (blitz)"]

1. d4 {[%emt 0:00:02]} d5 {[%emt 0:00:01]} 2. Nf3 {[%emt 0:00:02]} c6 {[%emt 0:
00:01]} 3. a3 {[%emt 0:00:02]} Nf6 {[%emt 0:00:01]} 4. Bg5 {[%emt 0:00:19]} Bg4
{[%emt 0:00:02]} 5. e3 {[%emt 0:00:04]} e6 {[%emt 0:00:03]} 6. Be2 {[%emt 0:00:
09]} Be7 {[%emt 0:00:02]} 7. Bxf6 {[%emt 0:00:05]} Bxf6 {[%emt 0:00:02]} 8. Nc3
{[%emt 0:00:12]} O-O {[%emt 0:00:03]} 9. h3 {[%emt 0:00:11]} Bh5 {[%emt 0:00:
02]} 10. Qd2 {[%emt 0:00:02]} Nd7 {[%emt 0:00:04]} 11. O-O-O {[%emt 0:00:07]}
c5 {[%emt 0:00:01]} 12. g4 {[%emt 0:00:08]} Bg6 {[%emt 0:00:02]} 13. Bd3 {
[%emt 0:00:06]} Bxd3 {[%emt 0:00:02]} 14. Qxd3 {[%emt 0:00:01]} cxd4 {[%emt 0:
00:02]} 15. exd4 {[%emt 0:00:02]} Rc8 {[%emt 0:00:03]} 16. g5 {[%emt 0:00:06]}
Be7 {[%emt 0:00:02]} 17. h4 {[%emt 0:00:05]} Nb6 {[%emt 0:00:02]} 18. h5 {
[%emt 0:00:05]} Nc4 {[%emt 0:00:02]} 19. Nb1 {[%emt 0:00:30]} Qb6 {[%emt 0:00:
04]} 20. b3 {[%emt 0:00:09]} Bxa3+ {[%emt 0:00:45]} 21. Nxa3 {[%emt 0:00:02]}
Nxa3 {[%emt 0:00:01]} 22. Rd2 {[%emt 0:00:22]} Nb5 {[%emt 0:00:14]} 23. g6 {
[%emt 0:00:18]} Qa5 {[%emt 0:00:05]} 24. gxh7+ {[%emt 0:00:10]} Kh8 {[%emt 0:
00:04]} 25. h6 {[%emt 0:00:42]} Qa1# {[%emt 0:00:24]} 0-1

[Event "T-Director's Swiss sytem"]
[Site "playchess.com #662980"]
[Date "2014.03.16"]
[Round "7"]
[White "Ericozi"]
[Black "hermann53"]
[Result "1-0"]
[WhiteElo "1268"]
[BlackElo "866"]
[PlyCount "99"]
[EventDate "2014.03.16"]
[EventType "swiss (blitz)"]

1. d4 {[%emt 0:00:02]} e6 {[%emt 0:00:02]} 2. Nf3 {[%emt 0:00:06]} d5 {[%emt 0:
00:01]} 3. c4 {[%emt 0:00:06]} Nc6 {[%emt 0:00:02]} 4. Nc3 {[%emt 0:00:06]} Nb4
{[%emt 0:00:02]} 5. Qa4+ {[%emt 0:00:17]} Bd7 {[%emt 0:00:03]} 6. Qb3 {[%emt 0:
00:02]} dxc4 {[%emt 0:00:08]} 7. Qd1 {[%emt 0:00:10]} Bc6 {[%emt 0:00:22]} 8.
e3 {[%emt 0:00:13]} Nf6 {[%emt 0:00:01]} 9. Bxc4 {[%emt 0:00:07]} Ng4 {[%emt 0:
00:04]} 10. O-O {[%emt 0:00:05]} Bd6 {[%emt 0:00:34]} 11. h3 {[%emt 0:00:14]}
Bh2+ {[%emt 0:00:11]} 12. Nxh2 {[%emt 0:00:06]} Qh4 {[%emt 0:00:07]} 13. Qxg4 {
[%emt 0:00:18]} Qf6 {[%emt 0:00:36] Ericozi reconnected.} 14. Ne4 {[%emt 0:00:
24]} Qe7 {[%emt 0:00:26]} 15. Ng3 {[%emt 0:00:22]} Nc2 {[%emt 0:00:09]} 16.
Qxg7 {[%emt 0:00:13]} O-O-O {[%emt 0:00:15]} 17. Rb1 {[%emt 0:00:13]} Ba4 {
[%emt 0:00:09]} 18. Bd3 {[%emt 0:00:15]} Rhg8 {[%emt 0:00:23]} 19. Qxh7 {[%emt
0:00:04] hermann53 bietet Remis} e5 {[%emt 0:00:36]} 20. Bxc2 {[%emt 0:00:03]}
Bxc2 {[%emt 0:00:19]} 21. Qxc2 {[%emt 0:00:02]} c6 {[%emt 0:00:19]} 22. Bd2 {
[%emt 0:00:13]} exd4 {[%emt 0:00:01]} 23. exd4 {[%emt 0:00:03]} Rxd4 {[%emt 0:
00:04]} 24. Rbc1 {[%emt 0:00:05]} c5 {[%emt 0:00:20]} 25. Qf5+ {[%emt 0:00:10]}
Qe6 {[%emt 0:00:05]} 26. Qxc5+ {[%emt 0:00:06]} Kb8 {[%emt 0:00:04]} 27. Qxd4 {
[%emt 0:00:02]} Qb6 {[%emt 0:00:11] '} 28. Bf4+ {[%emt 0:00:17]} Ka8 {[%emt 0:
00:14]} 29. Qxb6 {[%emt 0:00:04]} axb6 {[%emt 0:00:04]} 30. Rc7 {[%emt 0:00:02]
} Rb8 {[%emt 0:00:02]} 31. Rd1 {[%emt 0:00:05]} Ka7 {[%emt 0:00:00]} 32. Rdd7 {
[%emt 0:00:03]} Ka6 {[%emt 0:00:01]} 33. Rxf7 {[%emt 0:00:02]} Rd8 {[%emt 0:00:
02]} 34. Rxb7 {[%emt 0:00:09]} Rd1+ {[%emt 0:00:03]} 35. Nhf1 {[%emt 0:00:02]}
Kb5 {[%emt 0:00:03]} 36. a3 {[%emt 0:00:05]} Ra1 {[%emt 0:00:00]} 37. Be5 {
[%emt 0:00:02]} Ra2 {[%emt 0:00:01]} 38. Bc3 {[%emt 0:00:02]} Rxb2 {[%emt 0:00:
00]} 39. Bxb2 {[%emt 0:00:06]} Ka4 {[%emt 0:00:00]} 40. Rf4+ {[%emt 0:00:05]}
Kb3 {[%emt 0:00:01]} 41. Rxb6+ {[%emt 0:00:03]} Ka2 {[%emt 0:00:02]} 42. a4 {
[%emt 0:00:04]} Kb1 {[%emt 0:00:04]} 43. a5 {[%emt 0:00:02]} Kc2 {[%emt 0:00:
00]} 44. a6 {[%emt 0:00:02]} Kd3 {[%emt 0:00:02]} 45. a7 {[%emt 0:00:12]} Kc2 {
[%emt 0:00:02]} 46. a8=Q {[%emt 0:00:04]} Kd3 {[%emt 0:00:01]} 47. Qa3+ {[%emt
0:00:07]} Kc2 {[%emt 0:00:05]} 48. Qc3+ {[%emt 0:00:06]} Kb1 {[%emt 0:00:02]}
49. Nd2+ {[%emt 0:00:09]} Ka2 {[%emt 0:00:02]} 50. Ra4# {[%emt 0:00:04]} 1-0

[Event "T-Director's Swiss sytem"]
[Site "playchess.com #662980"]
[Date "2014.03.16"]
[Round "8"]
[White "Erkin Karaokcu"]
[Black "Chrisj555"]
[Result "1-0"]
[WhiteElo "1999"]
[BlackElo "2067"]
[PlyCount "143"]
[EventDate "2014.03.16"]
[EventType "swiss (blitz)"]

1. d4 {[%emt 0:00:02]} f5 {[%emt 0:00:02]} 2. Bg5 {[%emt 0:00:02]} g6 {[%emt 0:
00:02]} 3. h4 {[%emt 0:00:14]} Bg7 {[%emt 0:00:03]} 4. e3 {[%emt 0:00:02]} h6 {
[%emt 0:00:02]} 5. Bf4 {[%emt 0:00:02]} Nf6 {[%emt 0:00:06]} 6. c4 {[%emt 0:00:
02]} O-O {[%emt 0:00:03]} 7. Nc3 {[%emt 0:00:02]} d6 {[%emt 0:00:01]} 8. d5 {
[%emt 0:00:08]} Nbd7 {[%emt 0:00:18]} 9. Nf3 {[%emt 0:00:05]} a5 {[%emt 0:00:
05]} 10. Nd4 {[%emt 0:00:10]} Nc5 {[%emt 0:00:05]} 11. Be2 {[%emt 0:00:03]} e5
{[%emt 0:00:17]} 12. dxe6 {[%emt 0:00:02]} Nxe6 {[%emt 0:00:01]} 13. Nxe6 {
[%emt 0:00:02]} Bxe6 {[%emt 0:00:01]} 14. Nd5 {[%emt 0:00:12]} Bxd5 {[%emt 0:
00:07]} 15. cxd5 {[%emt 0:00:03]} Qe7 {[%emt 0:00:11]} 16. Rc1 {[%emt 0:00:13]}
Rac8 {[%emt 0:00:07]} 17. Bf3 {[%emt 0:00:07]} Ne4 {[%emt 0:00:04]} 18. Bxe4 {
[%emt 0:00:14]} fxe4 {[%emt 0:00:08]} 19. b3 {[%emt 0:00:20]} Rf7 {[%emt 0:00:
17]} 20. Qg4 {[%emt 0:00:06]} Rcf8 {[%emt 0:00:23]} 21. Qxg6 {[%emt 0:00:04]}
Rf6 {[%emt 0:00:01]} 22. Qg4 {[%emt 0:00:06]} Qf7 {[%emt 0:00:06]} 23. O-O {
[%emt 0:00:13]} Rg6 {[%emt 0:00:14]} 24. Qh3 {[%emt 0:00:07]} Qxd5 {[%emt 0:00:
03]} 25. Rxc7 {[%emt 0:00:03]} b5 {[%emt 0:00:13]} 26. Rfc1 {[%emt 0:00:08]}
Kh7 {[%emt 0:00:17]} 27. h5 {[%emt 0:00:12]} Rgf6 {[%emt 0:00:12]} 28. Qg4 {
[%emt 0:00:02]} R8f7 {[%emt 0:00:03]} 29. Rxf7 {[%emt 0:00:10]} Qxf7 {[%emt 0:
00:02]} 30. Bg3 {[%emt 0:00:10]} Qe6 {[%emt 0:00:32]} 31. Qxe6 {[%emt 0:00:08]}
Rxe6 {[%emt 0:00:01]} 32. Rc6 {[%emt 0:00:01]} Bf8 {[%emt 0:00:03]} 33. Rb6 {
[%emt 0:00:07]} b4 {[%emt 0:00:04]} 34. Rb5 {[%emt 0:00:01]} Re8 {[%emt 0:00:
08]} 35. Rxa5 {[%emt 0:00:07]} Rc8 {[%emt 0:00:03]} 36. Ra4 {[%emt 0:00:10]}
Rc1+ {[%emt 0:00:05]} 37. Kh2 {[%emt 0:00:03]} d5 {[%emt 0:00:01]} 38. Ra7+ {
[%emt 0:00:16]} Kg8 {[%emt 0:00:02]} 39. Rd7 {[%emt 0:00:01]} Rd1 {[%emt 0:00:
02]} 40. Bd6 {[%emt 0:00:10]} Bxd6+ {[%emt 0:00:08]} 41. Rxd6 {[%emt 0:00:01]}
Kg7 {[%emt 0:00:00]} 42. Rg6+ {[%emt 0:00:10]} Kh7 {[%emt 0:00:01]} 43. Rb6 {
[%emt 0:00:02]} Rd2 {[%emt 0:00:02]} 44. Rxb4 {[%emt 0:00:14]} Rxf2 {[%emt 0:
00:03]} 45. a4 {[%emt 0:00:03]} Re2 {[%emt 0:00:02]} 46. Rb7+ {[%emt 0:00:06]}
Kg8 {[%emt 0:00:02]} 47. a5 {[%emt 0:00:00]} Ra2 {[%emt 0:00:07]} 48. b4 {
[%emt 0:00:02]} Kf8 {[%emt 0:00:03]} 49. Kg3 {[%emt 0:00:13]} Ra3 {[%emt 0:00:
06]} 50. Kf4 {[%emt 0:00:01]} Ke8 {[%emt 0:00:03]} 51. g4 {[%emt 0:00:03]} Kd8
{[%emt 0:00:03]} 52. Rb6 {[%emt 0:00:14]} Kc7 {[%emt 0:00:06]} 53. Rxh6 {[%emt
0:00:03]} Rb3 {[%emt 0:00:01]} 54. Rb6 {[%emt 0:00:01]} Kd7 {[%emt 0:00:24]}
55. h6 {[%emt 0:00:06]} d4 {[%emt 0:00:01]} 56. exd4 {[%emt 0:00:03]} e3 {
[%emt 0:00:01]} 57. Kf3 {[%emt 0:00:01]} Ke7 {[%emt 0:00:09]} 58. h7 {[%emt 0:
00:05]} e2+ {[%emt 0:00:02]} 59. Kxe2 {[%emt 0:00:02]} Rh3 {[%emt 0:00:01]} 60.
a6 {[%emt 0:00:02]} Kd7 {[%emt 0:00:02]} 61. a7 {[%emt 0:00:02]} Kc7 {[%emt 0:
00:01]} 62. a8=Q {[%emt 0:00:06]} Kxb6 {[%emt 0:00:01]} 63. h8=Q {[%emt 0:00:
02]} Rxh8 {[%emt 0:00:02]} 64. Qxh8 {[%emt 0:00:02]} Kb5 {[%emt 0:00:00]} 65.
Qe5+ {[%emt 0:00:02]} Kc4 {[%emt 0:00:01]} 66. Qc5+ {[%emt 0:00:02]} Kb3 {
[%emt 0:00:01]} 67. b5 {[%emt 0:00:01]} Ka4 {[%emt 0:00:01]} 68. b6 {[%emt 0:
00:01]} Kb3 {[%emt 0:00:00]} 69. b7 {[%emt 0:00:01]} Ka4 {[%emt 0:00:01]} 70.
Qb6 {[%emt 0:00:01]} Ka3 {[%emt 0:00:01]} 71. b8=Q {[%emt 0:00:01]} Ka2 {[%emt
0:00:01]} 72. Q8a7# {[%emt 0:00:00]} 1-0